000 00751nam a22002177a 4500
005 20110805145138.0
008 110805t xxu||||| |||| 00| 0 eng d
010 _aENG-103230
020 _a9788130917351
_c595.00
035 _aEN-86763
037 _bDBAD/PUB
040 _aDPL
_bEng
082 _a378
245 _aHigher education :
_bissues and challenges /
_cedited by A.R. Kidwai
260 _aNew Delhi
_bViva Books
_c2011
270 _a4737/23, Ansari Road, Daryaganj
_bNew Delhi
_e110002
300 _axx,395p.
_c24cm (pbk)
500 _aIncludes bibliographical references
942 _2ddc
_cEN
_h378
_mHIG
999 _c54970
_d54970